| 000 | 00723nam a22002537a 4500 | ||
|---|---|---|---|
| 003 | 0 | ||
| 005 | 20180728132223.0 | ||
| 008 | 0 | ||
| 010 | _aA-998210 | ||
| 020 |
_a8175410493 _c00.00 |
||
| 035 | _aA-998210, A-998211 | ||
| 037 | _bCen Lib/Ret | ||
| 040 |
_aDPL _bEN _c0 |
||
| 082 |
_a324.954 _bBHA |
||
| 100 |
_aBhambhri, C. P. _95649 |
||
| 245 |
_aBJP-led government and elections 1999 / _cby C. P. Bhambhri |
||
| 260 |
_a Delhi _bShipra Publications _c2000 |
||
| 270 |
_a115-A,Vikas marg Shakarpur _b Delhi _e110092 |
||
| 300 |
_a232p. _c21cm(Hb) |
||
| 500 | _aInculdes index | ||
| 650 |
_aPolitical science _991592 |
||
| 650 |
_aElection-System _zIndia _991593 |
||
| 942 |
_2ddc _cEN _h324.954 _mBHA |
||
| 999 |
_c123433 _d123433 |
||